Normale Ansicht MARC-Ansicht ISBD

Beloe dviženie : (Titelsatznr. 17785)

[ MARC ]
MARC-Details
000 -Satzkennung
Kontrollfeld mit fester Länge 00730nam a22002651c 4500
001 - Kontrollnummer
Kontrollfeld a987663586
008 - Feld mit fester Länge zur physischen Beschreibung - Allgemeine Angaben
Kontrollfeld mit fester Länge 090413s2000 gw |||| 000u rus d
041 ## - Sprachcode
Sprachcode des Textes/der Tonspur oder des separaten Titels rus
040 ## - Katalogisierungsquelle
Übertragungsstelle RU-10907106
003 - Kontrollnummer Identifier
Kontrollfeld RU-10907106
100 1# - Haupteintragung - Personenname
Personenname Micheev, G. V.
245 00 - Titel
Titel Beloe dviženie :
Zusatz zum Titel Katalog kollekcii listovok (1917-1920 g.g.)
264 ## - Produktion, Veröffentlichung, Distribution, Herstellung und Urheberrechtsvermerk
Herstellungs-, Veröffentlichungs- Vertriebs-, Erzeugungsort Sankt-Peterburg,
Datum der Herstellung, der Veröffentlichung, des Vertriebs oder des Urheberschutzvermerks 2000
300 ## - Physische Beschreibung
Umfang 504 S.
650 #0 - Nebeneintragung unter einem Schlagwort - Sachschlagwort
Sachschlagwort oder geografischer Name als Eintragungselement Bürgerkrieg
650 #0 - Nebeneintragung unter einem Schlagwort - Sachschlagwort
Sachschlagwort oder geografischer Name als Eintragungselement Weiße Bewegung
650 #0 - Nebeneintragung unter einem Schlagwort - Sachschlagwort
Sachschlagwort oder geografischer Name als Eintragungselement Flugblätter
650 #0 - Nebeneintragung unter einem Schlagwort - Sachschlagwort
Sachschlagwort oder geografischer Name als Eintragungselement Propaganda
655 #0 - Indexierungsterm - Genre/Form
Genre/Form oder fokussierter Term
700 1# - Nebeneintragung - Personenname
Personenname Alekseev, E. E.
Funktionsbezeichnung VerfasserIn
700 1# - Nebeneintragung - Personenname
Personenname Davidenko, N. A.
Funktionsbezeichnung VerfasserIn
700 1# - Nebeneintragung - Personenname
Personenname Alekseev, E. E.
Funktionsbezeichnung VerfasserIn
710 2# - Nebeneintragung - Körperschaftsname
Körperschafts- oder Gebietskörperschaftsname als Eintragungselement Rossijskaja nacional'naja biblioteka
942 ## - Zusätzliche Felder (Koha)
Koha-Medientyp Monographien
Exemplare
Ausgeschieden Verloren Klassifikation oder Aufstellungssystematik Beschädigt Nicht entleihbar Heimatbibliothek Aufenthaltsbibliothek Aufstellungsort Erwerbungsdatum Inventarnummer Signatur Barcode Letzte Aktivität Preis gültig von Koha-Medientyp
    Andere/Generische Klassifikation     MWN Osteuropa MWN Osteuropa Magazin - 2 13/04/2009 09-01423 R 61 ej Mich E004015078FBA852 23/02/2021 22/03/2021 Monographien